| 000 | 00422nam a22001697a 4500 | ||
|---|---|---|---|
| 003 | NUST - PNEC | ||
| 005 | 20170116180834.0 | ||
| 008 | 150804b xxu||||| |||| 00| 0 eng d | ||
| 020 | _a8121908175 | ||
| 040 | _cLIBRARY | ||
| 082 | _a530 AVA | ||
| 100 |
_94844 _a Avadhanulu, M.N., |
||
| 245 |
_aA textbook of engineering physics _c M.N.Avadhanulu |
||
| 260 | _cc 1992 | ||
| 650 |
_94845 _aPhysics _x- |
||
| 942 |
_2ddc _cBK |
||
| 999 |
_c64143 _d64143 |
||